书目信息 |
| 题名: |
中国历代装饰画研究
|
|
| 作者: | 庞薰乐 , 庞薰〓 著 | |
| 分册: | ||
| 出版信息: | 上海 上海人民美术出版社 1982 |
|
| 页数: | 141页 | |
| 开本: | 25cm | |
| 丛书名: | ||
| 单 册: | ||
| 中图分类: | J525 , J520.2 | |
| 科图分类: | ||
| 主题词: | 装饰美术-美术批评--中国 , 美术批评-装饰美术--中国 , 工艺美术--中国 | |
| 电子资源: | ||
| ISBN: | ||
| 000 | 00791nam0 2200289 45 | |
| 001 | 0182007626 | |
| 005 | 20040521112831.5 | |
| 010 | @dCNY1.75 | |
| 091 | @a8081.12494 | |
| 100 | @a19950613d1982 kemy0chiy0121 ea | |
| 101 | 0 | @achi |
| 102 | @aCN@b310000 | |
| 105 | @ay z 000yy | |
| 106 | @ar | |
| 200 | 10 | @a中国历代装饰画研究@Azhong guo li dai zhuang shi hua yan jiu@f庞薰〓著@FPang Xun〓Zhu |
| 210 | @a上海@c上海人民美术出版社@d1982 | |
| 215 | @a141页@d25cm | |
| 606 | @a装饰美术-美术批评@y中国 | |
| 606 | @a美术批评-装饰美术@y中国 | |
| 606 | 0 | @a工艺美术@x中国 |
| 690 | @aJ525@v3 | |
| 690 | @aJ520.2 | |
| 701 | 0 | @a庞薰乐@Apang xun le@4著 |
| 701 | 0 | @a庞薰〓@4著 |
| 801 | 0 | @aCN@b上海图书馆@c20040521 |
| 801 | 2 | @aCN@bNLC@c20040521 |
| 905 | @f1@b211164@dJ520.2@e20 | |
| 中国历代装饰画研究/庞薰〓著.-上海:上海人民美术出版社,1982 |
| 141页;25cm |
| ISBN :CNY1.75 |
| ● |
| 相关链接 |
|
|
|
|
正题名:中国历代装饰画研究
索取号:J520.2/20
 
预约/预借
| 序号 | 登录号 | 条形码 | 馆藏地/架位号 | 状态 | 备注 |
| 1 | 0211164 | 000572954 | 第一借阅区/ [索取号:J520.2/20] | 在馆 | |
| 2 | 0211165 | 000572963 | 第一样本阅览室/ [索取号:J520.2/20] | 在馆 |